000 00640nam a2200217 4500
001 122473
003 ES-MaACL
005 20251017063102.0
007 t|
008 070214m19771981sp r ||||1| spa d
100 1 _aPrimo Yúfera, Eduardo,
_d1918-2007
_993974
245 1 0 _aQuímica agrícola /
_cEduardo Primo Yúfera, J. M. Carrasco Dorrién.
250 _a1ª ed.
260 _aMadrid :
_bAlhambra,
_c1977-81.
300 _a3 v. :
_bil. ;
_c23 cm.
490 1 _aZairos
700 1 _aCarrasco Dorrién, J. M.
_935549
830 0 _aZairos
_9181794
852 _aES-MaACL
_jL-1611-13
_bR.100863
999 _c122473
_d122473